| 000 | 00404nam a2200169Ia 4500 | ||
|---|---|---|---|
| 008 | 210210b1923 xxu||||| |||| 00| 0 eng d | ||
| 041 | _aeng | ||
| 082 | _a823/249 | ||
| 100 | _aSHAKESPEARE (William) | ||
| 245 | _aMidsummer nights dream | ||
| 260 |
_aLondon _bJ B Lippincott Co., _c1923 |
||
| 650 | _anights | ||
| 650 | _aMidsummer | ||
| 650 | _adream | ||
| 690 | _aEnglish Drama | ||
| 906 | _a013794 | ||
| 999 |
_c132854 _d132854 |
||